International total occupancy cost code (Record no. 106502)
[ view plain ]
| 000 -LEADER | |
|---|---|
| fixed length control field | 01010cam a2200229 4500 |
| 001 - CONTROL NUMBER | |
| control field | L136762 |
| 008 - FIXED-LENGTH DATA ELEMENTS--GENERAL INFORMATION | |
| fixed length control field | 070222n2007 000 0 eng u |
| 035 ## - SYSTEM CONTROL NUMBER | |
| System control number | (Sirsi) u136762 |
| 041 0# - LANGUAGE CODE | |
| Language code of text/sound track or separate title | eng |
| 110 2# - MAIN ENTRY--CORPORATE NAME | |
| Corporate name or jurisdiction name as entry element | IPD Occupiers |
| 9 (RLIN) | 5090 |
| 245 00 - TITLE STATEMENT | |
| Title | International total occupancy cost code |
| 250 ## - EDITION STATEMENT | |
| Edition statement | 4th ed. |
| 260 ## - PUBLICATION, DISTRIBUTION, ETC. | |
| Date of publication, distribution, etc. | 2007 |
| 505 #2 - FORMATTED CONTENTS NOTE | |
| Formatted contents note | Approach -- Cost definitions -- Additional information -- Applying the code -- Putting the code to work -- Cost code reconciliation guide -- Cost mapping guide. |
| 520 ## - SUMMARY, ETC. | |
| Summary, etc. | Helps with analysis of occupancy costs and can be used for a wide variety of purposes from strategy to procurement analysis. Contains case studies from Standard Chartered and Bradford & Bingley, and worked examples of PFI and service offices. |
| 590 ## - LOCAL NOTE (RLIN) | |
| Local note | KA |
| 650 24 - SUBJECT ADDED ENTRY--TOPICAL TERM | |
| Topical term or geographic name entry element | TOTAL OCCUPANCY COST CODE |
| 651 #4 - SUBJECT ADDED ENTRY--GEOGRAPHIC NAME | |
| Geographic name | United Kingdom |
| Chronological subdivision | |
| 690 ## - LOCAL SUBJECT ADDED ENTRY--TOPICAL TERM (OCLC, RLIN) | |
| Topical term or geographic name as entry element | BUILT ENVIRONMENT-BUILDING COSTS |
| 856 40 - ELECTRONIC LOCATION AND ACCESS | |
| Uniform Resource Identifier | <a href="https://www.ipd.com/portals/7/downloads/IPD_Cost_Code_v4_Deutsch_Englisch.pdf">https://www.ipd.com/portals/7/downloads/IPD_Cost_Code_v4_Deutsch_Englisch.pdf</a> |
| 942 ## - ADDED ENTRY ELEMENTS (KOHA) | |
| Suppress in OPAC | 0 |
| Withdrawn status | Lost status | Source of classification or shelving scheme | Damaged status | Not for loan | Home library | Current library | Shelving location | Date acquired | Total Checkouts | Full call number | Barcode | Date last seen | Copy number | Price effective from | Koha item type |
|---|---|---|---|---|---|---|---|---|---|---|---|---|---|---|---|
| Dewey Decimal Classification | Virtual | Virtual | Online | 22/02/2007 | ONLINE PUBLICATION | 136762-2001 | 06/08/2019 | 1 | 06/08/2019 | Book |